[Event "11th LCC FIDE Open 2019"]
[Site "London"]
[Date "2019.12.01"]
[Round "4.36"]
[White "Mata, Adilson"]
[Black "Russell, Christopher"]
[Result "0-1"]
[WhiteElo "1928"]
[BlackElo "2190"]
[Annotator "TA"]
[PlyCount "62"]
[EventDate "2019.11.29"]
[EventType "swiss"]
[EventCountry "ENG"]
[SourceTitle "playchess.com"]
[Source "ChessBase"]
[SourceQuality "1"]

{[%evp 11,112,-8,0,-1,0,6,0,0,-1,-2,0,-20,15,24,28,0,0,-29,-6,-21,-21,-21,-21,-29,-22,-30,-29,-34,-22,-33,-24,-67,-26,-29,-31,-18,-16,-43,-54,-209,-209,-196,-175,-179,-171,-192,-203,-254,-245,-491,-475,-709,-707,-682,-532,-495,-497,-539,-544,-695,-677,-826,-774,-831,-832,-824,-816,-1117,-809,-807,-790,-772,-759,-872,-868,-893,-866,-952,-941,-970,-965,-927,-892,-1143,-1056,-926,-927,-1793,-1707,-2708,-1633,-2960,-2793,-7222,-7433,-29986,-29987,-29987,-29988,-29989,-29990,-29990,-29991]} 1. e4 e6 2. d4 d5 3. Nd2 c5 4. c3 cxd4 5. cxd4 dxe4 6. Nxe4 Bb4+ 7. Nc3 {C07: French Tarrasch: 3...c5, 4 Ngf3 and 4 exd5 Qxd5} Nc6 8. Nf3 Nf6 9. Bd3 {The position is equal.} Qa5 (9... O-O 10. O-O Be7 11. a3 b6 12. Be3 Bb7 13. Qe2 Rc8 14. Rad1 Rc7 15. h3 Rd7 16. Bb5 Nd5 17. Nxd5 Rxd5 18. Rc1 Qa8 19. Bd3 Rd7 20. Rfd1 {½-½ (56) Zvjaginsev,V (2648)-Fedoseev,V (2674) Kaliningrad 2015}) 10. Bd2 O-O 11. a3 Be7 (11... Bxc3 $5 12. Bxc3 Qd5 $11) 12. O-O Rd8 13. Nb5 Qb6 14. a4 a5 $146 ({Predecessor:} 14... Re8 15. Be3 Qd8 {0-1 (27) Nielsen,L (2247)-Boros,D (2462) Copenhagen 2006}) 15. Bf4 {aiming for Bc7.} Nd5 16. Bg3 Ncb4 17. Bc4 Bd7 18. Rc1 Rac8 19. Qe2 Be8 20. Rfe1 Bf6 21. Be5 h6 22. Qe4 Rc6 23. b3 Rcc8 24. g4 Na2 {[%cal Bb4a2,Ba2c3,Bc3b5,Bb5d4][%mdl 32]} 25. Rc2 $2 {[#]} (25. Ra1 $15 Nab4 26. Rac1) 25... Bxb5 $1 $19 26. axb5 Nac3 $36 {[%mdl 2048] Black is on the roll.} 27. Qd3 {[#]} Nxb5 $1 {[%mdl 512]} 28. Bxf6 (28. Bxb5 Rxc2) 28... Nxf6 ({Not} 28... gxf6 29. Bxd5 exd5 30. Rxc8 $11) 29. g5 hxg5 {[%cal Rb5d4]} ({Less strong is} 29... Nxd4 30. gxf6 Nxc2 31. Qxc2 $17) 30. Rce2 $2 (30. Bxb5 Rxc2 31. Qxc2 Qxb5 32. Re5) 30... Nxd4 31. Re5 (31. Nxd4 $142 Rxd4 32. Qe3) 31... a4 {Played: Nd4-c6} 0-1

[Event "11th LCC FIDE Open 2019"]
[Site "London"]
[Date "2019.12.01"]
[Round "4.38"]
[White "Smith, Andrew Philip"]
[Black "Burke, John M"]
[Result "1-0"]
[WhiteElo "2172"]
[BlackElo "2551"]
[Annotator "TA"]
[PlyCount "69"]
[EventDate "2019.11.29"]
[EventType "swiss"]
[EventCountry "ENG"]
[SourceTitle "playchess.com"]
[Source "ChessBase"]
[SourceQuality "1"]

{[%evp 16,85,-51,-51,25,28,52,44,75,30,44,25,65,59,50,57,91,70,153,137,190,185,187,165,234,229,228,222,217,186,212,138,360,365,381,385,360,379,452,445,430,424,413,307,273,293,290,286,403,407,486,475,458,457,497,437,407,462,439,378,1152,1132,1095,1118,1085,717,711,675,29980,585,712,496]} 1. e4 e5 2. d4 exd4 3. Qxd4 Nc6 4. Qe3 Nf6 5. Nc3 Bb4 6. Bd2 O-O 7. O-O-O Re8 8. Bc4 d6 9. f3 Be6 {C22: Centre Game} ({Better is} 9... Ne5 $15 10. Bb3 Bc5) (9... Ne5 10. Bb3 a5 11. a3 Bc5 12. Qe1 b5 13. a4 b4 14. Nce2 Be6 15. Bxe6 fxe6 16. b3 Nc6 17. Kb1 e5 18. Bc1 {½-½ (30) Munoz Pantoja,M (2451)-Vallejo Pons,F (2713) Linares 2016}) 10. Bxe6 $11 Rxe6 11. Nge2 Re8 {White is slightly better.} 12. Qf2 $146 ({Predecessor:} 12. Qg5 Kh8 13. Qh4 Nd7 14. Bg5 f6 15. Bd2 Nde5 16. Kb1 Qd7 17. Bc1 {1-0 (28) Degraeve,J (2540)-Lacrosse,M (2295) Bethune 2000}) 12... Ne5 13. Bg5 Bxc3 14. Nxc3 h6 15. Be3 Qe7 16. Kb1 a6 (16... c6 $14) 17. g4 $1 $16 Nc4 {[#]} (17... c6 $16 {was called for.}) 18. Bc1 $1 $18 c6 19. h4 Nh7 {[#]} (19... Nd7 {might work better.} 20. Rd4 Ndb6) 20. g5 $1 {[%mdl 512]} h5 (20... hxg5 21. hxg5) 21. f4 b5 22. Rhe1 Qc7 23. Qd4 Rad8 $2 (23... Nf8 $16) 24. b3 Nb6 25. Bb2 f6 26. Rg1 c5 27. Qd3 c4 28. Qf3 b4 29. Nd5 Nxd5 30. Rxd5 {Strongly threatening gxf6.} c3 31. Bc1 fxg5 (31... a5 {is a better defense.} 32. Rgd1 Qb7) 32. hxg5 Qe7 33. Rd4 g6 34. f5 Qf7 35. Rxb4 {Played: Qf3-d3} 1-0

[Event "11th LCC FIDE Open 2019"]
[Site "London"]
[Date "2019.12.01"]
[Round "4.39"]
[White "Lohia, Sohum"]
[Black "Osborne, Marcus E"]
[Result "0-1"]
[WhiteElo "1889"]
[BlackElo "2166"]
[Annotator "ChessBase"]
[PlyCount "62"]
[EventDate "2019.11.29"]
[EventType "swiss"]
[EventCountry "ENG"]
[SourceTitle "playchess.com"]
[Source "ChessBase"]
[SourceQuality "1"]
[TimeControl "40/5400+30:1800+30"]

1. e4 {[%emt 0:00:00]} c5 {[%emt 0:00:00]} 2. Nf3 {[%emt 0:00:04]} d6 {[%emt 0:00:00]} 3. Bb5+ {[%emt 0:00:08]} Bd7 {[%emt 0:00:00]} 4. Bxd7+ {[%emt 0:00:08]} Nxd7 {[%emt 0:00:00]} 5. O-O {[%emt 0:00:12]} Ngf6 {[%emt 0:00:00]} 6. Qe2 {[%emt 0:00:26]} e6 {[%emt 0:00:03]} 7. b3 {[%emt 0:00:18]} Be7 {[%emt 0:00:10]} 8. Bb2 {[%emt 0:00:13]} O-O {[%emt 0:00:19]} 9. c4 {[%emt 0:01:22]} Re8 {[%emt 0:05:16]} 10. d4 {[%emt 0:00:47]} d5 {[%emt 0:00:59]} 11. cxd5 {[%emt 0:05:16]} exd5 {[%emt 0:00:08]} 12. e5 {[%emt 0:00:49]} Ne4 {[%emt 0:00:25]} 13. Nbd2 {[%emt 0:00:52]} Nxd2 {[%emt 0:01:26]} 14. Qxd2 {[%emt 0:00:16]} Rc8 {[%emt 0:08:36]} 15. Rac1 {[%emt 0:03:49]} Qb6 {[%emt 0:15:39]} 16. Rfd1 {[%emt 0:12:43]} Qa6 {[%emt 0:03:36]} 17. Bc3 {[%emt 0:14:17]} b5 {[%emt 0:18:43]} 18. dxc5 {[%emt 0:14:12]} Nxc5 {[%emt 0:00:42]} 19. Bb4 {[%emt 0:15:23]} Ne4 {[%emt 0:17:57]} 20. Qxd5 {[%emt 0:01:13]} Nxf2 {[%emt 0:00:56]} 21. Kxf2 {[%emt 0:01:14]} Bxb4 {[%emt 0:09:05]} 22. Kg1 {[%emt 0:02:35]} Rxc1 {[%emt 0:01:06]} 23. Rxc1 {[%emt 0:00:19]} Qh6 {[%emt 0:01:30]} 24. Rf1 {[%emt 0:03:58]} Qb6+ {[%emt 0:02:11]} 25. Nd4 {[%emt 0:06:00]} Rd8 {[%emt 0:03:58]} 26. Qxf7+ {[%emt 0:00:42]} Kh8 {[%emt 0:00:04]} 27. Rf4 {[%emt 0:04:29]} h6 {[%emt 0:01:29]} 28. Rg4 {[%emt 0:01:24]} g5 {[%emt 0:02:36]} 29. Qe6 {[%emt 0:08:38]} Rxd4 {[%emt 0:02:54]} 30. Qxb6 {[%emt 0:00:43]} axb6 {[%emt 0:00:03]} 31. Rg3 {[%emt 0:02:03]} Rd1+ {[%emt 0:00:03]} 0-1

[Event "11th LCC FIDE Open 2019"]
[Site "London"]
[Date "2019.12.01"]
[Round "4.40"]
[White "Pasztor, Balazs"]
[Black "Jukes, Sam"]
[Result "1-0"]
[WhiteElo "2166"]
[BlackElo "1899"]
[Annotator "NA"]
[PlyCount "35"]
[EventDate "2019.11.29"]
[EventType "swiss"]
[EventCountry "ENG"]
[SourceTitle "playchess.com"]
[Source "ChessBase"]
[SourceQuality "1"]
[TimeControl "40/5400+30:1800+30"]

1. e4 {[%emt 0:00:00]} e5 {[%emt 0:00:00]} 2. Nf3 {[%emt 0:00:15]} Nc6 {[%emt 0:00:00]} 3. Bc4 {[%emt 0:00:08]} Nf6 {[%emt 0:00:00]} 4. d3 {[%emt 0:00:37]} h6 {[%emt 0:00:24]} 5. O-O {[%emt 0:00:38]} d6 {[%emt 0:00:28]} 6. c3 {[%emt 0:00:46]} g5 {[%emt 0:00:31]} 7. Bb3 {[%emt 0:01:24]} g4 {[%emt 0:00:43]} 8. Ne1 {[%emt 0:02:38]} Be7 {[%emt 0:04:24]} 9. f4 {[%emt 0:04:36]} g3 {[%emt 0:07:03]} 10. h3 {[%emt 0:05:44]} h5 {[%emt 0:08:09]} 11. Nf3 {[%emt 0:05:25]} Be6 {[%emt 0:14:03]} 12. Ng5 {[%emt 0:06:27]} d5 {[%emt 0:07:23]} 13. f5 {[%emt 0:07:06]} Bc8 {[%emt 0:04:05]} 14. exd5 {[%emt 0:07:46]} Nxd5 {[%emt 0:01:15]} 15. Nxf7 {[%emt 0:09:55]} Kxf7 {[%emt 0:01:43]} 16. Qf3 {[%emt 0:01:05]} Bc5+ {[%emt 0:01:28]} 17. d4 {[%emt 0:04:13]} exd4 {[%emt 0:00:57]} 18. Bxd5+ {[%emt 0:01:40] Bf8} 1-0

[Event "11th LCC FIDE Open 2019"]
[Site "London"]
[Date "2019.12.01"]
[Round "4.41"]
[White "Villiers, Thomas"]
[Black "Patel, Rishi"]
[Result "1-0"]
[WhiteElo "2145"]
[BlackElo "1891"]
[Annotator "NA"]
[PlyCount "73"]
[EventDate "2019.11.29"]
[EventType "swiss"]
[EventCountry "ENG"]
[SourceTitle "playchess.com"]
[Source "ChessBase"]
[SourceQuality "1"]
[TimeControl "40/5400+30:1800+30"]

1. c4 {[%emt 0:00:00]} e5 {[%emt 0:03:32]} 2. Nc3 {[%emt 0:00:00]} Bc5 {[%emt 0:00:11]} 3. Nf3 {[%emt 0:00:00]} Nc6 {[%emt 0:00:07]} 4. e3 {[%emt 0:00:22]} d6 {[%emt 0:00:23]} 5. d4 {[%emt 0:00:45]} Bb6 {[%emt 0:00:25]} 6. b4 {[%emt 0:02:44]} a6 {[%emt 0:01:04]} 7. Be2 {[%emt 0:01:52]} Bd7 {[%emt 0:01:01]} 8. Nd5 {[%emt 0:01:56]} Ba7 {[%emt 0:00:39]} 9. b5 {[%emt 0:00:27]} e4 {[%emt 0:16:44]} 10. bxc6 {[%emt 0:02:59]} bxc6 {[%emt 0:00:09]} 11. Nb4 {[%emt 0:01:34]} a5 {[%emt 0:00:42]} 12. Nc2 {[%emt 0:01:43]} exf3 {[%emt 0:00:26]} 13. Bxf3 {[%emt 0:00:04]} Ne7 {[%emt 0:00:20]} 14. O-O {[%emt 0:00:35]} O-O {[%emt 0:00:19]} 15. e4 {[%emt 0:00:22]} d5 {[%emt 0:04:09]} 16. c5 {[%emt 0:00:40]} dxe4 {[%emt 0:00:28]} 17. Bxe4 {[%emt 0:00:04]} Nd5 {[%emt 0:00:07]} 18. Ne3 {[%emt 0:01:42]} Be6 {[%emt 0:05:57]} 19. Qd3 {[%emt 0:02:38]} g6 {[%emt 0:00:46]} 20. Nc4 {[%emt 0:00:45]} Nb4 {[%emt 0:01:03]} 21. Qc3 {[%emt 0:00:11]} Nd5 {[%emt 0:06:55]} 22. Bxd5 {[%emt 0:08:06]} cxd5 {[%emt 0:03:48]} 23. Nxa5 {[%emt 0:00:05]} Qc8 {[%emt 0:02:04]} 24. Nc6 {[%emt 0:00:38]} Qe8 {[%emt 0:00:33]} 25. Nxa7 {[%emt 0:00:13]} Rxa7 {[%emt 0:00:10]} 26. Bh6 {[%emt 0:00:03]} Qb5 {[%emt 0:02:23]} 27. Bxf8 {[%emt 0:00:29]} Kxf8 {[%emt 0:00:08]} 28. Rfb1 {[%emt 0:00:29]} Qc4 {[%emt 0:01:57]} 29. Qxc4 {[%emt 0:01:27]} dxc4 {[%emt 0:00:04]} 30. a4 {[%emt 0:00:11]} Ke7 {[%emt 0:01:10]} 31. a5 {[%emt 0:00:32]} Bc8 {[%emt 0:00:48]} 32. d5 {[%emt 0:00:42]} Bf5 {[%emt 0:01:42]} 33. Rb4 {[%emt 0:00:59]} Bd3 {[%emt 0:03:56]} 34. f4 {[%emt 0:00:10]} Kf6 {[%emt 0:02:03]} 35. Kf2 {[%emt 0:00:18]} Kf5 {[%emt 0:00:39]} 36. Ke3 {[%emt 0:00:14]} Ra8 {[%emt 0:00:37]} 37. Kd4 {[%emt 0:01:01]} 1-0

[Event "11th LCC FIDE Open 2019"]
[Site "London"]
[Date "2019.12.01"]
[Round "4.42"]
[White "Finn, Peter"]
[Black "Stanisz, Patryk"]
[Result "0-1"]
[WhiteElo "1895"]
[BlackElo "2139"]
[Annotator "ChessBase"]
[PlyCount "84"]
[EventDate "2019.11.29"]
[EventType "swiss"]
[EventCountry "ENG"]
[SourceTitle "playchess.com"]
[Source "ChessBase"]
[SourceQuality "1"]
[TimeControl "40/5400+30:1800+30"]

1. e4 {[%emt 1:01:45]} c5 {[%emt 0:02:48]} 2. Nf3 {[%emt 0:00:07]} Nc6 {[%emt 0:00:04]} 3. d4 {[%emt 0:00:00]} cxd4 {[%emt 0:00:00]} 4. Nxd4 {[%emt 0:00:00]} Nf6 {[%emt 0:00:00]} 5. Nc3 {[%emt 0:00:00]} e5 {[%emt 0:00:00]} 6. Ndb5 {[%emt 0:00:00]} d6 {[%emt 0:00:00]} 7. Bg5 {[%emt 0:00:00]} a6 {[%emt 0:00:00]} 8. Na3 {[%emt 0:00:00]} b5 {[%emt 0:00:00]} 9. Bxf6 {[%emt 0:00:00]} gxf6 {[%emt 0:00:00]} 10. Nd5 {[%emt 0:00:00]} Bg7 {[%emt 0:00:00]} 11. Bd3 {[%emt 0:00:00]} Ne7 {[%emt 0:00:00]} 12. Nxe7 {[%emt 0:00:00]} Qxe7 {[%emt 0:00:00]} 13. O-O {[%emt 0:00:00]} O-O {[%emt 0:00:04]} 14. c4 {[%emt 0:00:00]} f5 {[%emt 0:00:13]} 15. Qf3 {[%emt 0:00:00]} bxc4 {[%emt 0:30:24]} 16. Nxc4 {[%emt 0:00:00]} d5 {[%emt 0:00:18]} 17. exd5 {[%emt 0:00:00]} e4 {[%emt 0:00:26]} 18. Qe3 {[%emt 0:00:00]} Qf6 {[%emt 0:06:36]} 19. Bc2 {[%emt 0:00:00]} Bb7 {[%emt 0:08:16]} 20. Rad1 {[%emt 0:00:00]} Rad8 {[%emt 0:06:45]} 21. d6 {[%emt 0:00:00]} f4 {[%emt 0:05:31]} 22. Qh3 {[%emt 0:00:00]} Qg5 {[%emt 0:02:35]} 23. d7 {[%emt 0:00:00]} f5 {[%emt 0:09:02]} 24. Nd6 {[%emt 0:02:43]} Rxd7 {[%emt 0:01:23]} 25. Qb3+ {[%emt 0:00:16]} Kh8 {[%emt 0:00:55]} 26. Nxb7 {[%emt 0:00:10]} f3 {[%emt 0:00:16]} 27. g3 {[%emt 0:00:28]} Qg4 {[%emt 0:03:51]} 28. Kh1 {[%emt 0:00:11]} Qh3 {[%emt 0:00:28]} 29. Rg1 {[%emt 0:00:08]} Rf6 {[%emt 0:00:31]} 30. Qe3 {[%emt 0:06:59]} Rxd1 {[%emt 0:02:35]} 31. Bxd1 {[%emt 0:00:42]} Rh6 {[%emt 0:00:06]} 32. Qxh6 {[%emt 0:01:49]} Bxh6 {[%emt 0:00:02]} 33. Nc5 {[%emt 0:04:17]} e3 {[%emt 0:02:32]} 34. Nd3 {[%emt 0:00:35]} e2 {[%emt 0:00:05]} 35. Bb3 {[%emt 0:01:08]} Bd2 {[%emt 0:00:18]} 36. Bd5 {[%emt 0:00:27]} e1=Q {[%emt 0:01:00]} 37. Nxe1 {[%emt 0:00:24]} Bxe1 {[%emt 0:00:08]} 38. Bxf3 {[%emt 0:00:31]} Bxf2 {[%emt 0:00:13]} 39. Rg2 {[%emt 0:00:56]} Bd4 {[%emt 0:02:51]} 40. Be2 {[%emt 0:03:33]} a5 {[%emt 0:01:37]} 41. Bc4 {[%emt 0:31:19]} Qh6 {[%emt 0:30:34]} 42. Rc2 {[%emt 0:01:01]} Qc6+ {[%emt 0:00:17]} 0-1

[Event "11th LCC FIDE Open 2019"]
[Site "London"]
[Date "2019.12.01"]
[Round "4.43"]
[White "Sedykh, Mikhail"]
[Black "Mugalu, Hassan"]
[Result "1-0"]
[WhiteElo "2134"]
[BlackElo "1836"]
[Annotator "NA"]
[PlyCount "49"]
[EventDate "2019.11.29"]
[EventType "swiss"]
[EventCountry "ENG"]
[SourceTitle "playchess.com"]
[Source "ChessBase"]
[SourceQuality "1"]
[TimeControl "40/5400+30:1800+30"]

1. d4 {[%emt 0:00:00]} Nf6 {[%emt 0:00:23]} 2. c4 {[%emt 0:00:00]} g6 {[%emt 0:00:53]} 3. Nc3 {[%emt 0:00:00]} Bg7 {[%emt 0:00:41]} 4. e4 {[%emt 0:00:08]} d6 {[%emt 0:00:26]} 5. Nf3 {[%emt 0:00:15]} Nbd7 {[%emt 0:01:58]} 6. Be2 {[%emt 0:02:23]} O-O {[%emt 0:00:58]} 7. O-O {[%emt 0:00:06]} c5 {[%emt 0:03:19]} 8. d5 {[%emt 0:01:04]} Ng4 {[%emt 0:01:54]} 9. Ng5 {[%emt 0:07:49]} Ndf6 {[%emt 0:08:13]} 10. h3 {[%emt 0:04:52]} Ne5 {[%emt 0:03:22]} 11. f4 {[%emt 0:00:27]} Ned7 {[%emt 0:01:04]} 12. Be3 {[%emt 0:06:53]} h6 {[%emt 0:07:16]} 13. Nf3 {[%emt 0:00:55]} Nh5 {[%emt 0:01:36]} 14. Kh2 {[%emt 0:01:17]} a6 {[%emt 0:07:20]} 15. Qd2 {[%emt 0:02:46]} Kh7 {[%emt 0:02:35]} 16. Bd3 {[%emt 0:06:14]} Rg8 {[%emt 0:06:04]} 17. g4 {[%emt 0:08:04]} Nhf6 {[%emt 0:02:26]} 18. e5 {[%emt 0:02:24]} Ne8 {[%emt 0:01:52]} 19. e6 {[%emt 0:00:50]} fxe6 {[%emt 0:02:05]} 20. Bxg6+ {[%emt 0:00:52]} Kxg6 {[%emt 0:04:38]} 21. Qd3+ {[%emt 0:00:28]} Kf7 {[%emt 0:03:17]} 22. dxe6+ {[%emt 0:00:11]} Kf8 {[%emt 0:04:15]} 23. Qg6 {[%emt 0:00:22]} Ne5 {[%emt 0:01:35]} 24. fxe5 {[%emt 0:00:14]} Bxe6 {[%emt 0:01:02]} 25. Ng5+ {[%emt 0:23:43] Rh8} 1-0

[Event "11th LCC FIDE Open 2019"]
[Site "London"]
[Date "2019.12.01"]
[Round "4.44"]
[White "Marzano, Carlo"]
[Black "AuYeung, Chi Hung Jonathan"]
[Result "1/2-1/2"]
[WhiteElo "2128"]
[BlackElo "1770"]
[Annotator "TA"]
[PlyCount "198"]
[EventDate "2019.11.29"]
[EventType "swiss"]
[EventCountry "ENG"]
[SourceTitle "playchess.com"]
[Source "ChessBase"]
[SourceQuality "1"]

{[%evp 9,198,0,4,0,0,0,8,10,13,13,16,13,15,9,18,18,47,33,36,24,38,16,37,0,0,-15,-5,-6,8,0,0,-20,-14,-19,0,14,0,0,0,-36,-25,-207,-200,-306,-293,-435,-431,-490,-491,-471,-465,-447,-441,-436,-424,-423,-333,-397,-359,-399,-383,-393,-397,-414,-406,-400,-390,-508,-506,-839,-501,-481,-481,-552,-541,-544,-542,-526,-506,-563,-541,-2498,-2533,-2510,-1910,-1445,0,-493,0,-2147,-1416,-12832,-12831,-12848,-12839,-12839,-12839,-12840,-12840,-12841,-12841,-12844,-12845,-12845,-12846,-12851,-12851,-12851,-12851,-12851,0,0,0,0,0,0,0,0,0,0,0,0,0,0,0,0,0,0,0,0,0,0,0,0,0,0,0,0,0,0,0,0,0,0,0,0,0,0,0,0,0,0,0,0,0,0,0,0,0,-29980,-29981,-12851,0,0,0,0,0,0,0,0,0,0,27995,27995,27996,27995,27997,0,0,0,0,0,0,0,0,0,0,0,0,0,0]} 1. d4 c5 2. dxc5 e6 3. Nc3 Bxc5 4. Ne4 Nf6 5. Nxc5 Qa5+ {[%mdl 64] [#] Double Attack} 6. Qd2 {A43: Schmid Benoni} (6. c3 Qxc5 7. Nf3 O-O 8. Bf4 d5 9. e3 Nc6 10. Bd3 Qe7 11. Ne5 Nd7 12. Nxd7 Bxd7 13. O-O {½-½ (13) Zierk,S (2510)-Pakleza,Z (2506) Las Vegas 2018}) 6... Qxc5 7. Qg5 Qxg5 8. Bxg5 Nc6 9. O-O-O d5 10. f3 $146 ({Predecessor:} 10. g3 Ne4 11. Be3 d4 12. Bg2 Nxg3 13. hxg3 dxe3 {½-½ (58) Clementsson,J (2200)-Furhoff,J (2295) Helsingborg 1991}) 10... b6 11. e3 Bb7 12. Ne2 Ke7 13. Nd4 Rac8 14. Rd2 Ne5 15. b3 Ng6 16. Bd3 h6 17. Bf4 Nxf4 18. exf4 Nh5 19. g3 g5 20. fxg5 hxg5 21. Re1 Kf6 22. Kb2 Ng7 23. Nb5 Ra8 24. Rde2 a6 25. Nd6 $2 (25. Nd4 $11) 25... Bc6 $19 26. c4 (26. h4 $142 gxh4 27. g4) 26... Rhd8 27. cxd5 (27. Nxf7 {is a better defense.} Kxf7 28. f4) 27... Rxd6 28. dxc6 Rxd3 29. Rc1 Rc8 30. c7 Ne8 31. Rc6 Rxc7 32. Rxb6 Rd6 33. Rb8 Ke7 34. h4 gxh4 35. gxh4 Rc5 36. Ra8 a5 37. Rg2 Rh5 38. Rg4 Rd2+ 39. Ka3 (39. Kb1 $142 Rf5 40. Rc4) 39... Rh2 40. Ra7+ Kf8 41. Ra4 R2xh4 42. R4xa5 Rxa5+ 43. Rxa5 {[%mdl 4096] Endgame KRN-KR} Rf4 44. b4 Rxf3+ 45. Ka4 Nc7 46. b5 Nd5 47. Ra6 Nc7 $2 (47... Ke7 $19 48. b6 Kd6) 48. Rc6 $2 {[%mdl 8192]} (48. Ra5 $1 $11) 48... Nd5 $2 (48... Rf4+ $19 49. Ka5 Nd5) 49. b6 $2 {[%mdl 8192]} (49. Ra6 $11 Ke7 50. Ra7+ Kd6 51. Ra6+ Ke5 52. Rc6) 49... Rf4+ 50. Ka5 Rb4 51. Ka6 Ra4+ 52. Kb5 Rxa2 53. Rc8+ Ke7 54. b7 Rb2+ 55. Ka6 f5 56. b8=Q Rxb8 57. Rxb8 {KR-KN} f4 58. Rb2 e5 59. Kb5 Ke6 $2 ({Black should try} 59... Ne3 $19 60. Kc5 Ke6) 60. Kc4 $11 Ne3+ 61. Kd3 Kf5 62. Ke2 Kg4 63. Rb8 Nd5 64. Rg8+ Kf5 65. Ra8 Nc3+ 66. Kf2 Ne4+ 67. Kf3 Ng5+ 68. Kf2 Kg4 69. Re8 Kf5 70. Rf8+ Ke4 71. Rg8 Ne6 72. Re8 Nc5 73. Re7 Nd3+ 74. Ke2 f3+ 75. Kf1 Ke3 76. Ra7 e4 77. Re7 Nf4 78. Ra7 Nd3 79. Re7 $1 Nc5 {...Kd2 is the strong threat.} 80. Re8 Nb3 81. Rf8 Nd2+ 82. Ke1 Nc4 83. Rf7 Ne5 84. Rf8 $2 {[%mdl 8192]} (84. Rh7 $11) 84... Nd3+ 85. Kf1 Ne5 $2 (85... Kd2 $19 {( -> ...e3)} 86. Ra8 e3 87. Ra2+ Kd1 88. Ra1+ Nc1 89. Ra4 e2+ 90. Kf2 e1=Q+ 91. Kxf3 Qc3+ 92. Kf4 Ne2+ 93. Kg4 Qg7+ 94. Kh5 Qe5+ 95. Kg4 Qe6+ 96. Kg5 Qe5+ 97. Kh6 Qh8+ 98. Kg5 Qd8+ 99. Kg6 Qe8+ 100. Kf6 Qxa4 101. Kf5 Qa5+ 102. Ke6 Nf4+ 103. Kf6 Qd5 104. Ke7 Qe6+ 105. Kd8 Qf7 106. Kc8 Qa7 107. Kd8 Nd5 108. Ke8 Qe7#) 86. Rf5 Ng4 87. Rf8 Nh2+ 88. Kg1 Ke2 {Threatens to win with ...Ng4.} 89. Kxh2 {Hoping for Kg3. KR-KPP} Kf2 90. Kh3 Ke3 (90... e3 $5 {[%cal Re3e2]} 91. Kg4 e2 92. Rxf3+ Kg2 $11) 91. Kg3 {Intending Re8 and mate.} Ke2 {[#]} 92. Re8 $1 e3 93. Kf4 $2 (93. Ra8 {White wants to mate with Ra2+.} Kf1 94. Ra1+ Ke2 95. Ra2+ Kd3 96. Kxf3 Kd4 97. Ke2 Ke4 98. Ra4+ Ke5 99. Kxe3) 93... f2 {The position is equal.} 94. Rxe3+ {KR-KP} Kd2 95. Rf3 Ke2 96. Re3+ Kd2 97. Rf3 Ke2 98. Kg3 f1=Q 99. Rxf1 Kxf1 {Accuracy: White = 40%, Black = 68%.} 1/2-1/2

[Event "11th LCC FIDE Open 2019"]
[Site "London"]
[Date "2019.12.01"]
[Round "4.45"]
[White "Davis, Holden"]
[Black "Bucher, Grant W"]
[Result "1/2-1/2"]
[WhiteElo "1840"]
[BlackElo "2121"]
[Annotator "ChessBase"]
[PlyCount "81"]
[EventDate "2019.11.29"]
[EventType "swiss"]
[EventCountry "ENG"]
[SourceTitle "playchess.com"]
[Source "ChessBase"]
[SourceQuality "1"]
[TimeControl "40/5400+30:1800+30"]

1. e4 {[%emt 0:00:00]} e5 {[%emt 0:00:00]} 2. Nf3 {[%emt 0:00:13]} Nc6 {[%emt 0:00:00]} 3. Bc4 {[%emt 0:00:06]} Nf6 {[%emt 0:00:00]} 4. d3 {[%emt 0:00:05]} Be7 {[%emt 0:00:00]} 5. O-O {[%emt 0:00:06]} O-O {[%emt 0:00:00]} 6. Re1 {[%emt 0:00:05]} d6 {[%emt 0:00:10]} 7. a4 {[%emt 0:00:06]} Na5 {[%emt 0:00:13]} 8. Ba2 {[%emt 0:00:06]} c5 {[%emt 0:00:08]} 9. c3 {[%emt 0:00:04]} Nc6 {[%emt 0:00:38]} 10. h3 {[%emt 0:01:18]} h6 {[%emt 0:00:47]} 11. Na3 {[%emt 0:00:05]} a6 {[%emt 0:05:58]} 12. Bd2 {[%emt 0:00:16]} Re8 {[%emt 0:06:24]} 13. b4 {[%emt 0:05:18]} Bf8 {[%emt 0:32:14]} 14. Qe2 {[%emt 0:15:23]} cxb4 {[%emt 0:09:27]} 15. cxb4 {[%emt 0:00:17]} d5 {[%emt 0:01:28]} 16. Nc2 {[%emt 0:14:01]} Be6 {[%emt 0:04:05]} 17. b5 {[%emt 0:04:08]} axb5 {[%emt 0:05:21]} 18. axb5 {[%emt 0:00:08]} dxe4 {[%emt 0:08:47]} 19. dxe4 {[%emt 0:11:31]} Rxa2 {[%emt 0:03:07]} 20. Rxa2 {[%emt 0:01:29]} Bxa2 {[%emt 0:00:05]} 21. bxc6 {[%emt 0:00:07]} bxc6 {[%emt 0:00:03]} 22. Nb4 {[%emt 0:01:38]} Bxb4 {[%emt 0:06:45]} 23. Bxb4 {[%emt 0:00:05]} Be6 {[%emt 0:03:11]} 24. Nxe5 {[%emt 0:08:52]} Qd4 {[%emt 0:05:54]} 25. Nxc6 {[%emt 0:04:28]} Qb6 {[%emt 0:00:24]} 26. Ne7+ {[%emt 0:01:24]} Kh8 {[%emt 0:00:10]} 27. Qd2 {[%emt 0:05:42]} Qb7 {[%emt 0:02:08]} 28. e5 {[%emt 0:04:47]} Nd5 {[%emt 0:03:43]} 29. Nxd5 {[%emt 0:00:18]} Qxd5 {[%emt 0:00:22]} 30. Qxd5 {[%emt 0:01:05]} Bxd5 {[%emt 0:06:20]} 31. Kh2 {[%emt 0:06:15]} Rb8 {[%emt 0:00:00]} 32. Bc3 {[%emt 0:00:19]} Rc8 {[%emt 0:00:00]} 33. Re3 {[%emt 0:00:11]} Be6 {[%emt 0:00:00]} 34. f4 {[%emt 0:00:48]} Rc4 {[%emt 0:00:00]} 35. Kg3 {[%emt 0:03:42]} Kh7 {[%emt 0:00:00]} 36. Kf3 {[%emt 0:02:16]} Bd5+ {[%emt 0:00:00]} 37. Kg3 {[%emt 0:00:15]} Be6 {[%emt 0:00:00]} 38. Rf3 {[%emt 0:05:01]} Bd5 {[%emt 0:00:00]} 39. Rd3 {[%emt 0:00:13]} Be4 {[%emt 0:00:00]} 40. Re3 {[%emt 0:00:07]} Kg6 {[%emt 0:00:23]} 41. Kf2 {[%emt 0:37:27]} 1/2-1/2